000 00561nam a2200133Ia 4500
008 171212s9999 xx 000 0 und d
020 _a9780833038050
100 _aMedeiros, Evan S.
245 _cMedeiros, Evan S.
_aChasing the Dragon
_bAssessing China's System of Export Controls for WMD-Related Goods and Technologies
260 _bRAND Corporation
_c2005
650 _aExport controls -- China; Weapons of mass destruction -- Government policy -- China; Arms transfers -- China
650 _aPolitical Science
856 _uwww.jstor.org/stable/10.7249/mg353
999 _c351852
_d351852